000 00800cam a22002414a 4500
001 11864751
005 20240206043103.0
008 991209s2000 ilu b 001 0 eng
020 _a0226730980 (cloth : acidfree paper)
020 _a0226730999 (pbk.)
040 _aDLC
_cDLC
_dDLC
082 0 0 _a306.02.
_221
_bJAY.
100 1 _aRuby, Jay.
245 1 0 _aPicturing culture :
_bexplorations of film & anthropology /
_cJay Ruby.
260 _aChicago :
_bUniversity of Chicago Press,
_c2000.
300 _axiii, 339 p. ;
650 0 _aMotion pictures in ethnology.
650 0 _aVisual anthropology.
650 0 _aCulture in motion pictures.
856 4 2 _uhttp://www.loc.gov/catdir/description/uchi051/99089536.html
856 4 1 _uhttp://www.loc.gov/catdir/toc/uchi052/99089536.html
942 _cL
999 _c303
_d303